Bosnian: pronouns - Statistics

General Stats
  • This quiz has been taken 53 times
    36 since last reset
  • The average score is 9 of 10
Answer Stats
English Bosnian % Correct
I Ja
100%
He On
100%
She Ona
100%
They (masculine) Oni
100%
They (feminine) One
95%
You Ti
95%
We Mi
91%
You (plural) Vi
86%
It Ono
77%
They (neutral) Ona
73%
No matching quizzes found
Score Distribution
Percent of People with Each Score
Percentile by Number Answered
Your Score History
You have not taken this quiz since the last reset